00355nam a2200133Ia 450000500170000000800410001702000180005808200130007610000180008924500160010726000450012330000140016850000390018220250312031655.0240331s9999 xx 000 0 und d a9788189359942 bFAHa894 aFahimaajahaan 0aAatit tuyar aNagercoilbKalachuvadu Pathippagamc2010 a136 p .,  aIts Women Based Poems in Sri Lanka